[Event "Sunny Beach op 10th"]
[Site "Sunny Beach"]
[Date "2011.09.03"]
[Round "8"]
[White "Galicek, Stanislav"]
[Black "Georgiev, Dimitar"]
[Result "1/2-1/2"]
[WhiteElo "2155"]
[BlackElo "1873"]
[PlyCount "62"]
[EventDate "2011.08.27"]
[EventType "swiss"]
[EventRounds "9"]
[EventCountry "BUL"]
[SourceTitle "CBM 144 Extra"]
[Source "ChessBase"]
[SourceDate "2011.10.28"]
[SourceVersion "1"]
[SourceVersionDate "2011.10.28"]
[SourceQuality "1"]

1. d4 Nf6 2. c4 e5 3. dxe5 Ne4 4. Qc2 Bb4+ 5. Nd2 d5 6. e3 Nc6 7. Ngf3 Bf5 8. Bd3 0-0 9. 0-0 Bxd2 10. Bxd2 Re8 11. Bc3 Bg6 12. Rad1 Nxc3 13. Qxc3 Bh5 14. Be2 Nxe5 15. Rxd5 Qf6 16. Rxe5 Rxe5 17. Qxe5 Qxe5 18. Nxe5 Bxe2 19. Re1 Rd8 20. h3 Bd1 21. Nf3 Bxf3 22. gxf3 Rd2 23. Rb1 Rc2 24. b3 Rxa2 25. Rd1 Kf8 26. Rd8+ Ke7 27. Rh8 h6 28. Rc8 Kd7 29. Rb8 b6 30. Rf8 Ke7 31. Rc8 Kd7 1/2-1/2

[Event "Sunny Beach op 10th"]
[Site "Sunny Beach"]
[Date "2011.08.29"]
[Round "3"]
[White "Cakl, Zdenek"]
[Black "Georgiev, Dimitar"]
[Result "1-0"]
[WhiteElo "2099"]
[BlackElo "1873"]
[PlyCount "89"]
[EventDate "2011.08.27"]
[EventType "swiss"]
[EventRounds "9"]
[EventCountry "BUL"]
[SourceTitle "CBM 144 Extra"]
[Source "ChessBase"]
[SourceDate "2011.10.28"]
[SourceVersion "1"]
[SourceVersionDate "2011.10.28"]
[SourceQuality "1"]

1. Nf3 c5 2. b3 d5 3. Bb2 Nc6 4. e3 Bg4 5. Bb5 Qb6 6. a4 a6 7. Bxc6+ Qxc6 8. h3 Bh5 9. g4 Bg6 10. Ne5 Qc7 11. d3 e6 12. Nd2 f6 13. Nxg6 hxg6 14. f4 g5 15. Qf3 gxf4 16. exf4 Bd6 17. Rf1 Ne7 18. 0-0-0 0-0-0 19. Qe3 Rd7 20. g5 e5 21. fxe5 fxe5 22. Rde1 Ng6 23. Rf5 Re7 24. Qf3 e4 25. Qg4 Kb8 26. dxe4 Rh4 27. Qg1 dxe4 28. Nc4 Bf4+ 29. Kb1 b6 30. a5 Qd7 31. Rxf4 Rxf4 32. Nxb6 Qf5 33. Nc4 Rf3 34. Qh2+ Qf4 35. Qe2 Qxg5 36. Nd6 Qg3 37. Nxe4 Qf4 38. Qxa6 Qh4 39. Qb6+ Rb7 40. Qd6+ Kc8 41. Rd1 Nf8 42. Nxc5 Rff7 43. Qc6+ Kb8 44. Be5+ Ka8 45. Qa6+ 1-0

[Event "Bansko op"]
[Site "Bansko"]
[Date "2010.12.17"]
[Round "7"]
[White "Tomov, Georgi"]
[Black "Georgiev, Dimitar"]
[Result "1-0"]
[WhiteElo "2286"]
[BlackElo "1873"]
[PlyCount "65"]
[EventDate "2010.12.13"]
[EventType "swiss"]
[EventRounds "9"]
[EventCountry "BUL"]
[SourceTitle "CBM 139 Extra"]
[Source "ChessBase"]
[SourceDate "2011.01.05"]
[SourceVersion "1"]
[SourceVersionDate "2011.01.05"]
[SourceQuality "1"]

1. Nf3 g5 2. Nxg5 e5 3. d3 Be7 4. Nf3 Nc6 5. c4 Nf6 6. Nc3 d5 7. cxd5 Nxd5 8. g3 Be6 9. Bg2 Rg8 10. a3 Qd7 11. Nxd5 Bxd5 12. b4 Bf6 13. 0-0 0-0-0 14. Bb2 Rg6 15. Qa4 Kb8 16. Rfd1 Qe6 17. Nd2 Bxg2 18. Kxg2 Rh6 19. Nf1 Qh3+ 20. Kg1 Nd4 21. Bxd4 exd4 22. Qb3 Be5 23. Rac1 Rf6 24. Rc5 Bd6 25. Qd5 b6 26. Qxd4 Re6 27. Rc2 Rde8 28. Re1 c5 29. bxc5 Bxc5 30. Rxc5 bxc5 31. Qd7 R8e7 32. Rb1+ Rb6 33. Rxb6+ 1-0

[Event "Bansko op"]
[Site "Bansko"]
[Date "2010.12.13"]
[Round "1"]
[White "Mastrovasilis, Athanasios"]
[Black "Georgiev, Dimitar"]
[Result "1-0"]
[WhiteElo "2556"]
[BlackElo "1873"]
[PlyCount "73"]
[EventDate "2010.12.13"]
[EventType "swiss"]
[EventRounds "9"]
[EventCountry "BUL"]
[SourceTitle "CBM 139 Extra"]
[Source "ChessBase"]
[SourceDate "2011.01.05"]
[SourceVersion "1"]
[SourceVersionDate "2011.01.05"]
[SourceQuality "1"]

1. c4 Nf6 2. Nc3 e5 3. g3 Bc5 4. Bg2 c6 5. e3 Qe7 6. Nge2 Na6 7. d4 Bd6 8. 0-0 0-0 9. a3 Bc7 10. b4 d6 11. b5 Nb8 12. a4 Ba5 13. Ba3 Bg4 14. dxe5 Bxc3 15. exf6 Qxf6 16. Ra2 Rd8 17. h3 Bxe2 18. Rxe2 a6 19. Qb3 axb5 20. axb5 d5 21. cxd5 cxd5 22. Rc1 Be5 23. f4 Bd6 24. Bxd6 Qxd6 25. Qxd5 Qxd5 26. Bxd5 Ra5 27. Rc7 Rxb5 28. Bxf7+ Kf8 29. Be6 Rb6 30. f5 Rb1+ 31. Kg2 Nc6 32. Rf7+ Ke8 33. Rxg7 Rdd1 34. Ra2 Rg1+ 35. Kf3 Rgf1+ 36. Kg4 Ne5+ 37. Kg5 1-0

[Event "Bobotsov Memorial 2nd"]
[Site "Sofia"]
[Date "2010.05.01"]
[Round "2"]
[White "Rusev, Jeliazko"]
[Black "Georgiev, Dimitar"]
[Result "1-0"]
[WhiteElo "2258"]
[BlackElo "1950"]
[PlyCount "59"]
[EventDate "2010.04.30"]
[EventType "swiss"]
[EventRounds "9"]
[EventCountry "BUL"]
[SourceTitle "CBM 136 Extra"]
[Source "ChessBase"]
[SourceDate "2010.07.02"]
[SourceVersion "2"]
[SourceVersionDate "2010.07.15"]
[SourceQuality "1"]

1. d4 d5 2. Nf3 Nf6 3. e3 Bg4 4. c4 e6 5. Qb3 Bxf3 6. Qxb7 Nbd7 7. gxf3 c5 8. cxd5 Nxd5 9. Bb5 Rc8 10. dxc5 Bxc5 11. Qxd7+ Qxd7 12. Bxd7+ Kxd7 13. Ke2 Rhd8 14. Rd1 Ke7 15. Bd2 Bd6 16. Nc3 f5 17. Nxd5+ exd5 18. Bc3 Ke6 19. Bxg7 Rc2+ 20. Rd2 Rxd2+ 21. Kxd2 Rg8 22. Bd4 Rg2 23. Ke2 Rxh2 24. Bxa7 Bg3 25. Rf1 Bd6 26. f4 h5 27. Kf3 Be7 28. Kg3 Rh4 29. f3 Kd7 30. Rc1 1-0

[Event "Kesarovski Georgiev Memorial 6th"]
[Site "Sunny Beach"]
[Date "2007.09.18"]
[Round "9"]
[White "Vladimirova, Maria"]
[Black "Georgiev, Dimitar"]
[Result "1-0"]
[WhiteElo "1998"]
[BlackElo "2055"]
[PlyCount "149"]
[EventDate "2007.09.10"]
[EventType "swiss"]
[EventRounds "9"]
[EventCountry "BUL"]
[SourceTitle "CBM 120 Extra"]
[Source "ChessBase"]
[SourceDate "2007.11.01"]
[SourceVersion "1"]
[SourceVersionDate "2007.11.01"]
[SourceQuality "1"]

1. e4 e5 2. d4 exd4 3. Qxd4 Nc6 4. Qe3 b6 5. Nc3 Nf6 6. Bd2 Bc5 7. Qg3 0-0 8. 0-0-0 g6 9. Bg5 Nh5 10. Qh4 f6 11. Bh6 Ng7 12. Bc4+ Kh8 13. f4 g5 14. Qg3 Nh5 15. Qf3 Nxf4 16. Bxf8 Qxf8 17. Nd5 Ne5 18. Qb3 Nxg2 19. Nxc7 Ne3 20. Bd5 Nxd1 21. Kxd1 Rb8 22. Nf3 Ng4 23. Kc1 a6 24. h3 Nf2 25. Rf1 Qd6 26. Ne8 Qf4+ 27. Kb1 d6 28. Qc3 Bxh3 29. Nxf6 Qe3 30. Qxe3 Bxe3 31. Re1 Bf4 32. Re2 Ng4 33. Nd7 Re8 34. Ng1 Bf1 35. Re1 Ne3 36. Nxb6 g4 37. Bc6 Rf8 38. Nd5 Nc4 39. Nxf4 Rxf4 40. b3 Ne5 41. Bb7 g3 42. Rd1 Rf6 43. Bc8 h5 44. Bf5 g2 45. Rd2 Kg7 46. Bh3 Rg6 47. Rf2 Rg3 48. Kb2 Ng4 49. Rf5 Ne3 50. Rxh5 Nd1+ 51. Ka3 Nc3 52. e5 dxe5 53. Rxe5 Ne2 54. Bxg2 Rxg2 55. Nxe2 Bxe2 56. Re6 Kf7 57. Rb6 Ke7 58. c4 a5 59. Ka4 Bh5 60. Ka3 Bf7 61. Rb5 a4 62. Rb7+ Kf6 63. Kxa4 Rxa2+ 64. Kb5 Rb2 65. b4 Rc2 66. c5 Bc4+ 67. Kb6 Ke6 68. Rb8 Rb2 69. Kc6 Bd5+ 70. Kc7 Ke7 71. Rb6 Bg2 72. Rb8 Rd2 73. c6 Rb2 74. b5 Bf1 75. b6 1-0

[Event "Kesarovski Georgiev Memorial 6th"]
[Site "Sunny Beach"]
[Date "2007.09.16"]
[Round "7"]
[White "Vospernik, Andrej"]
[Black "Georgiev, Dimitar"]
[Result "1-0"]
[WhiteElo "2199"]
[BlackElo "2055"]
[PlyCount "51"]
[EventDate "2007.09.10"]
[EventType "swiss"]
[EventRounds "9"]
[EventCountry "BUL"]
[SourceTitle "CBM 120 Extra"]
[Source "ChessBase"]
[SourceDate "2007.11.01"]
[SourceVersion "1"]
[SourceVersionDate "2007.11.01"]
[SourceQuality "1"]

1. e4 e5 2. d4 exd4 3. c3 dxc3 4. Bc4 cxb2 5. Bxb2 Nf6 6. Nc3 d5 7. exd5 Bd6 8. Qc2 Qe7+ 9. Nge2 Nbd7 10. 0-0-0 Ne5 11. Bb5+ Bd7 12. Nd4 0-0 13. Rhe1 a6 14. Bd3 Ba3 15. Re3 Nxd3+ 16. Rdxd3 Qb4 17. Bxa3 Qxa3+ 18. Kb1 Qd6 19. Ne4 Qb6+ 20. Ka1 Nxd5 21. Rg3 Nb4 22. Qc3 g6 23. Nb3 Bf5 24. Nf6+ Qxf6 25. Qxf6 Nxd3 26. Qxf5 1-0

[Event "Kesarovski Georgiev Memorial 6th"]
[Site "Sunny Beach"]
[Date "2007.09.11"]
[Round "2"]
[White "Georgiev, Dimitar"]
[Black "Jevtic, Sasa"]
[Result "1/2-1/2"]
[WhiteElo "2055"]
[BlackElo "2162"]
[PlyCount "73"]
[EventDate "2007.09.10"]
[EventType "swiss"]
[EventRounds "9"]
[EventCountry "BUL"]
[SourceTitle "CBM 120 Extra"]
[Source "ChessBase"]
[SourceDate "2007.11.01"]
[SourceVersion "1"]
[SourceVersionDate "2007.11.01"]
[SourceQuality "1"]

1. d4 d5 2. Nc3 Nf6 3. e4 dxe4 4. f3 Bf5 5. g4 Bg6 6. g5 Nd5 7. Nxd5 Qxd5 8. c4 Qd8 9. Bg2 exf3 10. Bxf3 c6 11. Bf4 e6 12. Ne2 Bb4+ 13. Kf2 Bd6 14. Bxd6 Qxd6 15. c5 Qc7 16. h4 Nd7 17. h5 Bf5 18. b4 f6 19. Qd2 h6 20. Ng3 hxg5 21. Nxf5 exf5 22. Qe3+ Kf7 23. Qb3+ Kf8 24. Qe6 g4 25. Rae1 Qf4 26. Re3 Nxc5 27. bxc5 gxf3 28. Rg1 Qc7 29. Qd6+ Qxd6 30. cxd6 Rxh5 31. Re7 Rg5 32. Rh1 Kg8 33. Rhe1 Rg2+ 34. Kxf3 Rd2 35. Rg1 g5 36. Rh1 Rxd4 37. Rhh7 1/2-1/2